[Event "Year 2016"]
[Site "SchemingMind.com"]
[Date "2016.03.13"]
[Round "-"]
[White "Abstract Actuary"]
[Black "John Hamer"]
[Result "0-1"]
[WhiteCountry "USA"]
[BlackCountry "ENG"]
[WhiteElo "1877"]
[WhiteRD "73"]
[BlackElo "2057"]
[BlackRD "68"]
[GameID "396771"]

1. e4 c6 2. d4 d5 3. Nc3 dxe4 4. Nxe4 Nd7 5. Nf3 Ngf6 6. Ng3 e6 7. Bd3 Be7 8. O-O O-O 9. Qe2 c5 10. Rd1 Qc7
11. c4 Re8 12. b3 b6 13. Bb2 Bb7 14. Ne5 cxd4 15. Bxd4 Red8 16. Bc2 Bd6= 17. Nxd7 Nxd7 18. Qg4 Ne5 19. Qh5 f5 20. Re1 Ng6
21. Bc3 Nf4 22. Qg5 h6 23. Qh4 Nxg2 24. Qh3 Nf4 25. Qh4 Qc6 26. Ne4 fxe4 27. Bxe4 Qc7 28. Kh1 Nd3 29. Re2 Rf8 30. Rg1 Rf4
31. Qxh6 Nxf2+ 32. Rxf2 Bxe4+ 33. Rfg2 Bxg2+ 34. Rxg2 Rf1+ 35. Rg1 Qc6#
0-1

[Event "Year 2016"]
[Site "SchemingMind.com"]
[Date "2016.03.13"]
[Round "-"]
[White "John Hamer"]
[Black "Black Knight"]
[Result "1-0"]
[WhiteCountry "ENG"]
[BlackCountry "USA"]
[WhiteElo "2057"]
[WhiteRD "68"]
[BlackElo "1414"]
[BlackRD "64"]
[GameID "396772"]

1. d4 d5 2. c4 Nf6 3. cxd5 Nxd5 4. e4 Nb6 5. Nc3 e6 6. Be3 Bb4 7. Nf3 Nc4 8. Bxc4 Nc6 9. O-O Bxc3 10. bxc3 O-O
11. Qc2 a6 12. e5 b5 13. Ng5 g6 14. Bd3 f6 15. exf6 b4 16. Bxg6 Qxf6 17. Bxh7+ Kh8 18. Be4 e5 19. Nh7 Qf7 20. Nxf8 Qxf8
21. Bxc6 Rb8 22. Qe4 Qf6 23. dxe5 Qg7 24. e6 Bxe6 25. Qxe6
1-0

[Event "Year 2016"]
[Site "SchemingMind.com"]
[Date "2016.03.13"]
[Round "-"]
[White "John Hamer"]
[Black "emvarela"]
[Result "1-0"]
[WhiteCountry "ENG"]
[BlackCountry "ARG"]
[WhiteElo "2061"]
[WhiteRD "72"]
[BlackElo "1652"]
[BlackRD "47"]
[GameID "396773"]

1. d4 Nf6 2. Bf4 d6 3. c4 g6 4. Nc3 Bg7 5. Nf3 O-O 6. e4 a6 7. Bd3 Nbd7 8. O-O c5 9. d5 Ne8 10. Re1 e5
11. dxe6 fxe6 12. Qd2 Ne5 13. Nxe5 dxe5 14. Bg5 Qd7 15. Rad1 Bf6 16. Be3 b6 17. a4 Nc7 18. a5 Qc6 19. axb6 Ne8 20. Bc2 Qxb6
21. Na4 Qb4 22. Qc1 Be7 23. Bd2 Qb7 24. Ba5 Nc7 25. Nb6 Ra7 26. Nd7 Bxd7 27. Rxd7 Bd8 28. Qh6 Rf7 29. Rxd8+
1-0

[Event "Year 2016"]
[Site "SchemingMind.com"]
[Date "2016.03.13"]
[Round "-"]
[White "John Hamer"]
[Black "Phillip Beckett"]
[Result "1-0"]
[WhiteCountry "ENG"]
[BlackCountry "ENG"]
[WhiteElo "2066"]
[WhiteRD "65"]
[BlackElo "1577"]
[BlackRD "47"]
[GameID "396774"]

1. d3 Nf6 2. Nf3 g6 3. e4 d6 4. g3 Bg7 5. Bg2 O-O 6. O-O Nbd7 7. Nbd2 e5 8. a4 c6 9. Nc4 Qe7 10. Re1 Re8
11. Be3 Nf8 12. Qe2 Bg4 13. h3 Be6 14. b3 N6d7 15. d4 exd4 16. Bxd4 Bxc4 17. Qxc4 Bxd4 18. Nxd4 Ne5 19. Qc3 Ne6 20. Rad1 Nxd4
21. Qxd4 Red8 22. f4 Nd7 23. Qxd6 Qxd6 24. Rxd6 Nb6 25. e5 Kf8 26. a5 Nd5 27. Rd1 Rxd6 28. exd6 Rd8 29. c4 Nf6 30. a6 Ne8
31. axb7 Rb8 32. d7
1-0

[Event "Year 2016"]
[Site "SchemingMind.com"]
[Date "2016.03.13"]
[Round "-"]
[White "Scooter"]
[Black "John Hamer"]
[Result "0-1"]
[WhiteCountry "USA"]
[BlackCountry "ENG"]
[WhiteElo "1712"]
[WhiteRD "48"]
[BlackElo "2066"]
[BlackRD "65"]
[GameID "396775"]

1. d4 c6 2. Nf3 d5 3. Bf4 Bf5 4. e3 e6 5. Bd3 Bg6 6. Bxg6 hxg6 7. Nbd2 Nf6 8. O-O Nbd7 9. c4 Be7 10. Ne5 Nh5
11. Nxd7 Qxd7 12. cxd5 exd5 13. a3 Nxf4 14. exf4 O-O-O 15. b4 Bd6 16. Nf3 Bxf4 17. g3 Bc7 18. Ne5 Bxe5 19. dxe5 Qh3
0-1

[Event "Year 2016"]
[Site "SchemingMind.com"]
[Date "2016.03.13"]
[Round "-"]
[White "John Hamer"]
[Black "Transcendent"]
[Result "1-0"]
[WhiteCountry "ENG"]
[BlackCountry "ENG"]
[WhiteElo "2037"]
[WhiteRD "70"]
[BlackElo "1506"]
[BlackRD "53"]
[GameID "396776"]

1. d4 d5 2. Nf3 Nf6 3. Bg5 Ne4 4. Bf4 c5 5. c3 Qb6 6. Qb3 Nc6 7. e3 Bf5 8. Nbd2 e6 9. Qxb6 axb6 10. Nh4 Nxd2
11. Kxd2 Bg6 12. Be2 Be7 13. Nxg6 hxg6 14. Bc7 Bd8 15. Bd6
1-0

[Event "Year 2016"]
[Site "SchemingMind.com"]
[Date "2016.03.13"]
[Round "-"]
[White "ray winteringham"]
[Black "John Hamer"]
[Result "0-1"]
[WhiteCountry "ENG"]
[BlackCountry "ENG"]
[WhiteElo "1485"]
[WhiteRD "53"]
[BlackElo "2057"]
[BlackRD "68"]
[GameID "396777"]

1. e4 e5 2. Nf3 Nc6 3. Bb5 Nf6 4. d3 Bc5 5. h3 O-O 6. Be3 Bxe3 7. fxe3 d6 8. Bxc6 bxc6 9. Nbd2 Rb8 10. O-O Qe7
11. Qe2 Rxb2 12. Nb3 d5 13. Qd1 dxe4 14. Ne1 Nd5 15. Qc1 Qa3 16. dxe4 Nc3 17. Qd2 Nxe4 18. Qc1 Nc3 19. Kh1 Ne2 20. Qd2 Ng3+
21. Kg1 Nxf1 22. Kxf1 Be6 23. Nd3 Bxb3 24. Nxb2 Qxb2 25. Rd1 Bc4+ 26. Kg1 Bxa2 27. Qd7 Bd5 28. Qf5 Rb8 29. Qd3 Qb4 30. c3 Qh4
31. Kh2 a5 32. c4 Bxc4 33. Qf5 Be6 34. Qf3 Bd5 35. Qf5 f6
0-1

[Event "Year 2016"]
[Site "SchemingMind.com"]
[Date "2016.03.13"]
[Round "-"]
[White "klapa"]
[Black "John Hamer"]
[Result "0-1"]
[WhiteCountry "POL"]
[BlackCountry "ENG"]
[WhiteElo "1310"]
[WhiteRD "74"]
[BlackElo "2037"]
[BlackRD "70"]
[GameID "396778"]

1. e4 e5 2. Qh5 Nc6 3. Bd3 Nf6 4. Qd1 d5 5. Qf3 Bg4 6. Qg3 dxe4 7. Bxe4 Nxe4 8. Qxg4 Qd4 9. Qf5 Bc5 10. Nh3 Nd6
11. Qf3 e4 12. Qe3 Qe5 13. d4 Nxd4 14. O-O Nxc2 15. Qg5 Qd4 16. Be3 Qxb2 17. Bxc5 Qxa1 18. Nf4 O-O 19. Nh5 Rfe8 20. Nd2 Qc3
21. Bxd6 cxd6 22. Nxe4 Rxe4 23. Qg3 Qd4 24. h3 Rae8 25. Rd1 Qxd1+ 26. Kh2 Qxh5 27. f3 Re2 28. a4 Ne3 29. Qxd6 Rxg2+ 30. Kh1 Qxh3+
31. Qh2 Qxh2#
0-1

[Event "Year 2016"]
[Site "SchemingMind.com"]
[Date "2016.03.13"]
[Round "-"]
[White "Simon Green"]
[Black "John Hamer"]
[Result "0-1"]
[WhiteCountry "ENG"]
[BlackCountry "ENG"]
[WhiteElo "1617"]
[WhiteRD "56"]
[BlackElo "2057"]
[BlackRD "68"]
[GameID "396779"]

1. d4 Nf6 2. e3 d5 3. Bd3 e6 4. f4 c5 5. c3 Nc6 6. Nf3 cxd4 7. exd4 Bd6 8. Ne5 O-O 9. O-O Qb6 10. b3 Bxe5
11. fxe5 Nxe5 12. Bg5 Ne4 13. Bxe4 dxe4 14. Qe2 f5 15. Be7 Rf7 16. Bc5 Qc7 17. Nd2 Ng4 18. g3 b6 19. h3 Nf6 20. Ba3 Qxg3+
21. Qg2 Qe3+ 22. Kh2 Ba6 23. Rfe1 Qxc3 24. Nc4 Bxc4 25. Rac1 Qa5 26. Rxc4 Qxe1 27. Bb4 Qb1 28. Bd6 Nd5 29. Qe2 Rd8 30. Be5 f4
31. Qd2 e3
0-1

[Event "Year 2016"]
[Site "SchemingMind.com"]
[Date "2016.03.13"]
[Round "-"]
[White "Chessibelle"]
[Black "John Hamer"]
[Result "0-1"]
[WhiteCountry "ENG"]
[BlackCountry "ENG"]
[WhiteElo "1175"]
[WhiteRD "62"]
[BlackElo "2066"]
[BlackRD "65"]
[GameID "396780"]

1. Nf3 c5 2. Nc3 Nc6 3. e4 g6 4. d3 Bg7 5. Qd2 Nf6 6. Be2 O-O 7. O-O d5 8. Qe3 d4 9. Qd2 dxc3 10. Qxc3 Nxe4
11. Qc4 Nd6 12. Qxc5 Bf5 13. a3 Rc8 14. b4 Bxa1 15. c3 b6 16. Qe3 Bxc3 17. Qf4 e5 18. Qg5 f6 19. Qh6 Nf7 20. Qh4 Bxd3
21. Rd1 g5 22. Nxg5 fxg5 23. Qh5 Bxe2 24. Qxe2 Nd4 25. Qe4 Qc7 26. Rd3 Bxb4 27. Rd1 Qxc1 28. Qg4 Nh6 29. Qh5 g4 30. h3 Qxd1+
31. Kh2 g3+ 32. fxg3 Qxh5
0-1

[Event "Year 2016"]
[Site "SchemingMind.com"]
[Date "2016.03.13"]
[Round "-"]
[White "John Hamer"]
[Black "flyinduck"]
[Result "0-1"]
[WhiteCountry "ENG"]
[BlackCountry "CAN"]
[WhiteElo "2037"]
[WhiteRD "70"]
[BlackElo "2135"]
[BlackRD "56"]
[GameID "396781"]

1. e4 e5 2. Nf3 Nf6 3. Nc3 Nc6 4. d4 Bb4 5. d5 Ne7 6. Bd3 d6 7. h3 O-O 8. O-O Ng6 9. Be3 Bd7 10. a3 Ba5
11. Bd2 Qe7 12. Qc1 Nh5 13. b4 Bb6 14. Be3 Ngf4 15. a4 c6 16. Bc4 Qf6 17. dxc6 bxc6 18. Ne1 Bd4 19. Bxd4= exd4 20. Ne2 Be6
21. Bd3 c5 22. Ng3 c4 23. Qd1 cxd3 24. Nxh5 Nxh5 25. Qxh5 dxc2 26. Nxc2 Rfc8 27. Na3 Qe5 28. Qh4 Rc3 29. Nb5 Rc2 30. Rfd1 d3
31. Qe7 Qxe4 32. Qxd6= Bd5 33. Qg3 d2 34. Nd6 Qg6 35. Nb5 Qxg3 36. fxg3 Rd8 37. Nd4 Rb2 38. b5 Ba2 39. Nc6 Rd7 40. Ne5 Rd6
41. Nc6 Bb3
0-1

[Event "Year 2016"]
[Site "SchemingMind.com"]
[Date "2016.03.13"]
[Round "-"]
[White "John Hamer"]
[Black "Wojtek26"]
[Result "1-0"]
[WhiteCountry "ENG"]
[BlackCountry "POL"]
[WhiteElo "2066"]
[WhiteRD "65"]
[BlackElo "1578"]
[BlackRD "50"]
[GameID "396782"]

1. b4 e5 2. Bb2 d6 3. c4 Nf6 4. e3 Be7 5. Nf3 O-O 6. Nc3 Bg4 7. Be2 Nbd7 8. h3 Bh5 9. O-O c5 10. a3 b6
11. g4 Nxg4 12. hxg4 Bxg4 13. d4 e4 14. Nxe4 Nf6 15. Qd3 Bf5 16. Nxf6+ Bxf6 17. Qxf5 g6 18. Qd3 Qd7 19. Qe4 Qh3 20. Qf4 Bg7
21. Qxd6 Rad8 22. Qf4 Bh6 23. Ng5 Qd7 24. dxc5 Qd2 25. Qf6 Qxb2 26. Qxb2 Bxg5 27. f4 Bh6 28. Rad1
1-0

[Event "Year 2016"]
[Site "SchemingMind.com"]
[Date "2016.03.13"]
[Round "-"]
[White "John Hamer"]
[Black "kenneth m day"]
[Result "1-0"]
[WhiteCountry "ENG"]
[BlackCountry "USA"]
[WhiteElo "2061"]
[WhiteRD "72"]
[BlackElo "1716"]
[BlackRD "52"]
[GameID "396783"]

1. b3 e5 2. Bb2 Nc6 3. e3 Nf6 4. Bb5 d6 5. d4 Bd7 6. dxe5 Nxe5 7. Be2 Be7 8. Nf3 O-O 9. Nxe5 dxe5 10. Bxe5 Re8
11. O-O Ne4 12. Bf3 Bc6 13. Qxd8 Bxd8 14. Bd4 f5 15. Rd1 Bh4 16. g3 Bg5 17. Na3 g6 18. h4 Bh6 19. Nc4 Rad8 20. Na5 Bd5
21. c4 Bf7 22. Nxb7 Rb8 23. Na5 a6 24. Nc6 Rbc8 25. Rab1 Bg7 26. Na7 Rb8 27. c5 Bxd4 28. Rxd4 Nxc5 29. Rc1 Ne6 30. Ra4 Rb6
31. Bd5 Re7 32. Nc8 Rd7 33. Nxb6 cxb6 34. Bxe6 Bxe6 35. Rxa6
1-0

[Event "Year 2016"]
[Site "SchemingMind.com"]
[Date "2016.03.13"]
[Round "-"]
[White "Stephen Woodhouse"]
[Black "John Hamer"]
[Result "1/2-1/2"]
[WhiteCountry "ENG"]
[BlackCountry "ENG"]
[WhiteElo "1824"]
[WhiteRD "49"]
[BlackElo "2066"]
[BlackRD "65"]
[GameID "396784"]

1. e4 c6 2. d4 d5 3. exd5 cxd5 4. c4 Nf6 5. Nc3 e6 6. Nf3 Be7 7. cxd5 exd5 8. Bd3 O-O 9. O-O Nc6 10. h3 Be6
11. Re1 Qc8 12. Kh2 Nb4 13. Bb1 Qc7+ 14. Kg1 Rfe8 15. Ne5 Rac8 16. a3 Nc6=
1/2-1/2